|
|
|
|
| LEADER |
01100nab a2200301 i 4500 |
| 001 |
publ40303 |
| 005 |
20260603101929.0 |
| 008 |
260603s2026 hu o 000 eng d |
| 022 |
|
|
|a 0022-3549
|
| 024 |
7 |
|
|a 10.1016/j.xphs.2026.104317
|2 doi
|
| 024 |
7 |
|
|a 37120224
|2 mtmt
|
| 040 |
|
|
|a SZTE Publicatio Repozitórium
|b hun
|
| 041 |
|
|
|a eng
|
| 100 |
1 |
|
|a Abdelghafour Mohamed M.
|
| 245 |
1 |
0 |
|a Self-assembled polymeric prodrug provides controlled cisplatin release and enhanced efficiency in local chemotherapy
|h [elektronikus dokumentum] /
|c Abdelghafour Mohamed M.
|
| 260 |
|
|
|c 2026
|
| 300 |
|
|
|a 11
|
| 490 |
0 |
|
|a JOURNAL OF PHARMACEUTICAL SCIENCES
|v 115 No. 8
|
| 650 |
|
4 |
|a Klinikai orvostan
|
| 700 |
0 |
1 |
|a Kutus Bence
|e aut
|
| 700 |
0 |
1 |
|a Mérai László
|e aut
|
| 700 |
0 |
1 |
|a Csanády Miklós ifj.
|e aut
|
| 700 |
0 |
1 |
|a Szemerédi Nikoletta
|e aut
|
| 700 |
0 |
1 |
|a Spengler Gabriella
|e aut
|
| 700 |
0 |
1 |
|a Szabó Diána
|e aut
|
| 700 |
0 |
1 |
|a Rovó László
|e aut
|
| 700 |
0 |
1 |
|a Janovák László
|e aut
|
| 856 |
4 |
0 |
|u http://publicatio.bibl.u-szeged.hu/40303/1/Self-assembled_MohamedCisplatincikk2026.pdf
|z Dokumentum-elérés
|